Normal view
MARC view
Entry Personal Name
001 - CONTROL NUMBER
- control field: 1234793
003 - CONTROL NUMBER IDENTIFIER
- control field: OSt
005 - DATE AND TIME OF LATEST TRANSACTION
- control field: 20260415113527.0
008 - FIXED-LENGTH DATA ELEMENTS
- fixed length control field: 260415|| aca||aabn | a|a d
040 ## - CATALOGING SOURCE
- Original cataloging agency: OSt
- Transcribing agency: OSt
100 ## - HEADING--PERSONAL NAME
- Personal name: Li, Yitan
670 ## - SOURCE DATA FOUND
- Source citation: Work cat.: (OSt)1679889: Gartner, Scott 1116101, Identity in the shadow of a giant:, 2023.
